Concierto para piano y orquesta en la menor op. 54 ; Carnaval op. 9 / (Record no. 28943)

MARC details
000 -LEADER
campo de control de longitud fija 01423ntaaa2200457 4500
003 - IDENTIFICADOR DE NÚMERO DE CONTROL
campo de control 01
005 - FECHA Y HORA DE LA ÚLTIMA TRANSACCIÓN
campo de control 20251027203336.0
008 - DATOS DE LONGITUD FIJA--INFORMACIÓN GENERAL
campo de control de longitud fija 0714s1973 ag 01
040 ## - FUENTE DE CATALOGACIÓN
Centro catalogador/agencia de origen AR-BaBN
Lengua de catalogación spa
Centro/agencia transcriptor AR-BaBN
Normas de descripción aacr
Centro/agencia modificador RIC
100 ## - ENTRADA PRINCIPAL--NOMBRE DE PERSONA
Nombre de persona Schumann, Robert
Fechas asociadas al nombre 1810-1856
245 ## - MENCIÓN DEL TÍTULO
Título Concierto para piano y orquesta en la menor op. 54 ; Carnaval op. 9 /
Mención de responsabilidad, etc. Robert Schumann
260 ## - PUBLICACIÓN, DISTRIBUCIÓN, ETC.
Lugar de publicación, distribución, etc. Buenos Aires :
Nombre del editor, distribuidor, etc. Viscontea [distribuidor],
Fecha de publicación, distribución, etc. c1979
300 ## - DESCRIPCIÓN FÍSICA
Extensión 1 disco son. (62 min., 53 seg.) ;
Dimensiones analógico, 33 1/3 rpm, estereo ; 12 plg.
490 ## - MENCIÓN DE SERIE
Mención de serie Los grandes músicos ;
Designación de volumen o secuencia 25
500 ## - NOTA GENERAL
Nota general Peter Frankl, piano ; Orquesta Sinfónica de Bamberg, Janos Fürst, director
500 ## - NOTA GENERAL
Nota general Fabricado por: CBS. Licencia de: Vox-Turnabout-MMG (The Moss Music Group)
500 ## - NOTA GENERAL
Nota general Duraciones: 32 min, 28 seg. ; 30 min., 25 seg.
505 ## - NOTA DE CONTENIDO CON FORMATO
Título Préambule
505 ## - NOTA DE CONTENIDO CON FORMATO
Título Pierrot
505 ## - NOTA DE CONTENIDO CON FORMATO
Título Arlequin
505 ## - NOTA DE CONTENIDO CON FORMATO
Título Valse noble
505 ## - NOTA DE CONTENIDO CON FORMATO
Título Eusebius
505 ## - NOTA DE CONTENIDO CON FORMATO
Título Florestan
505 ## - NOTA DE CONTENIDO CON FORMATO
Título Coquette
505 ## - NOTA DE CONTENIDO CON FORMATO
Título Replique
505 ## - NOTA DE CONTENIDO CON FORMATO
Título Papillons
505 ## - NOTA DE CONTENIDO CON FORMATO
Título Lettres dansantes
505 ## - NOTA DE CONTENIDO CON FORMATO
Título Chiarina
505 ## - NOTA DE CONTENIDO CON FORMATO
Título Chopin
505 ## - NOTA DE CONTENIDO CON FORMATO
Título Estrella
505 ## - NOTA DE CONTENIDO CON FORMATO
Título Reconnaissance
505 ## - NOTA DE CONTENIDO CON FORMATO
Título Pantalon et Colombine
505 ## - NOTA DE CONTENIDO CON FORMATO
Título Valse Allemande
505 ## - NOTA DE CONTENIDO CON FORMATO
Título Paganini
505 ## - NOTA DE CONTENIDO CON FORMATO
Título Aveu
505 ## - NOTA DE CONTENIDO CON FORMATO
Título Promenade
505 ## - NOTA DE CONTENIDO CON FORMATO
Título Pause
505 ## - NOTA DE CONTENIDO CON FORMATO
Título Marche des "Davidsbündler" contre les Philistins
650 ## - PUNTO DE ACCESO ADICIONAL DE MATERIA--TÉRMINO DE MATERIA
Término de materia o nombre geográfico como elemento de entrada MUSICA
942 ## - ELEMENTOS DE ENTRADA SECUNDARIOS (KOHA)
Tipo de ítem Koha Colección General
Holdings
Estatus retirado Estado de pérdida Estado de daño No para préstamo Biblioteca de origen Biblioteca actual Fecha de adquisición Número de inventario Total de préstamos Código de barras Visto por última vez Precio de reemplazo Tipo de ítem Koha
        Biblioteca Pluis Biblioteca Pluis 27/10/2025 045465   045465 27/10/2025 27/10/2025 Colección General